000 00346nam a2200133 i 4500
001 bg
100 1 _aKabaj, Mieczysław
_d(1933- ).
245 0 _aSystem motywacji i płac w reformie gospodarczej /
_cMieczysław Kabaj.
260 _aWarszawa,
_c1984.
040 _cBPK
041 _apol
942 _cKS
008 s pl f |000 0 pol
999 _c2370
_d2370
856 _uhttp://koha.tu.koszalin.pl/cgi-bin/koha/opac-detail.pl?biblionumber=2370
_yKatalog online BPK